| 000 | 00621nam a2200229Ia 4500 | ||
|---|---|---|---|
| 008 | 200601s9999 xx 000 0 und d | ||
| 020 | _a1-55166-719-3 | ||
| 050 | _aFIC M11p | ||
| 050 | _b2003 | ||
| 100 | _aMacomber, Debbie. | ||
| 245 | 0 | _a311 Pelican Court / | |
| 245 | 0 | _cDebbie Macomber. | |
| 260 | _aDon Mills, Ont : | ||
| 260 | _bMira, | ||
| 260 | _c2003 | ||
| 300 | _a377 pages : | ||
| 300 | _c17 cm. | ||
| 650 | _aBed and breakfast accommodations -- Fiction. | ||
| 650 | _aCity asnd town life -- Fiction. | ||
| 650 | _xCustody of children -- Fiction. | ||
| 650 | _xWashington (State) -- Fiction. | ||
| 999 |
_c363437 _d363437 |
||